Statistics for Multiple Births Terminology

Click here to take the quiz!

General Stats

  • This quiz has been taken 12 times
  • The average score is 5 of 9

Answer Stats

#Words% Correct
2twins
100%
3triplets
91%
4quadruplets
82%
7septuplets
55%
6sextuplets
45%
5quintuplets
36%
8octuplets
36%
9nonuplets
27%
10decuplets
18%

Score Distribution

Percentile by Number Answered

Percent of People with Each Score

Your Score History

You have not taken this quiz